Квиз о Тајвану - Statistics

General Stats
  • This quiz has been taken 68 times
  • The average score is 9 of 15
Answer Stats
Опис Одговор % Correct
Држава која је окупирала Тајван 1895–1945 Јапан
91%
Међународна организација из које је Тајван избачен 1971. Уједињене Нације
89%
Религија коју практикује већина становништва Будизам
87%
Главни град Тајпеј
85%
Званичан назив Република Кина
80%
Пловећи јужно од Тајвана, како се зове прва држава на коју ћете наићи? Филипини
73%
Предмет приказан на застави Сунце
64%
Најпопуларнији спорт Бејзбол
55%
Надимак за јаке економије Тајвана, Хонг Конга, Сингапура и Јужне Кореје Четири азијска {Тигра}
49%
Највиша планина {Ју} Шан
45%
Највиша зграда на свету 2004–2010 (назив главног града + број) Тајпеј 101
45%
Државна валута Нови тајвански долар
33%
Водена површина која дели Кину и Тајван {Тајван}ски мореуз
33%
Стари назив овог острва Формоза
24%
Генерал који је основао Тајван, након пораза у грађанском рату у копненој Кини 1949. Чанг Кај Шек
13%
No matching quizzes found
Score Distribution
Percent of People with Each Score
Percentile by Number Answered
Your Score History
You have not taken this quiz